<?xml version="1.0" encoding="UTF-8"?>
<record
    xmlns:xsi="http://www.w3.org/2001/XMLSchema-instance"
    xsi:schemaLocation="http://www.loc.gov/MARC21/slim http://www.loc.gov/standards/marcxml/schema/MARC21slim.xsd"
    xmlns="http://www.loc.gov/MARC21/slim">

  <leader>01893nam a22002777a 4500</leader>
  <controlfield tag="001">4616</controlfield>
  <controlfield tag="003">FISKH</controlfield>
  <controlfield tag="005">20240918103939.0</controlfield>
  <controlfield tag="008">240918b        cb ||||| |||| 00| 0 eng d</controlfield>
  <datafield tag="040" ind1=" " ind2=" ">
    <subfield code="a">FISKH</subfield>
    <subfield code="b">Bilingual </subfield>
    <subfield code="c">FISKH</subfield>
    <subfield code="d">FISKH</subfield>
  </datafield>
  <datafield tag="050" ind1=" " ind2=" ">
    <subfield code="a">PZ7</subfield>
  </datafield>
  <datafield tag="082" ind1=" " ind2=" ">
    <subfield code="a">800</subfield>
  </datafield>
  <datafield tag="100" ind1=" " ind2=" ">
    <subfield code="a">Anonymous </subfield>
    <subfield code="e">author </subfield>
  </datafield>
  <datafield tag="245" ind1=" " ind2=" ">
    <subfield code="a">&#x1780;&#x1784;&#x17D2;&#x1780;&#x17C2;&#x1794; &#x1780;&#x178E;&#x17D2;&#x178F;&#x17BB;&#x179A; &#x1793;&#x17B7;&#x1784;&#x179F;&#x178F;&#x17D2;&#x179C;&#x179F;&#x17D2;&#x1791;&#x17B6;&#x17C6;&#x1784; /</subfield>
    <subfield code="c">by Anonymous </subfield>
  </datafield>
  <datafield tag="300" ind1=" " ind2=" ">
    <subfield code="a">16 pages : </subfield>
    <subfield code="b">color illustrations ;</subfield>
    <subfield code="c">22 cm . </subfield>
  </datafield>
  <datafield tag="490" ind1=" " ind2=" ">
    <subfield code="a">&#x1793;&#x17B7;&#x1791;&#x17B6;&#x1793;&#x17A2;&#x1794;&#x17CB;&#x179A;&#x17C6;&#x1782;&#x17C6;&#x1793;&#x17B7;&#x178F;</subfield>
  </datafield>
  <datafield tag="505" ind1=" " ind2=" ">
    <subfield code="a">H 
</subfield>
  </datafield>
  <datafield tag="520" ind1=" " ind2=" ">
    <subfield code="a">&#x1780;&#x1784;&#x17D2;&#x1780;&#x17C2;&#x1794;&#x1793;&#x17B7;&#x1784;&#x1780;&#x178E;&#x17D2;&#x178F;&#x17BB;&#x179A;&#x1787;&#x17B6;&#x1798;&#x17B7;&#x178F;&#x17D2;&#x178F;&#x1793;&#x17B7;&#x1784;&#x1782;&#x17D2;&#x1793;&#x17B6;&#x200B;&#x17D4;&#x200B; &#x1790;&#x17D2;&#x1784;&#x17C3;&#x1798;&#x17BD;&#x1799;&#x1780;&#x1784;&#x17D2;&#x1780;&#x17C2;&#x1794;&#x1794;&#x17B6;&#x1793;&#x1799;&#x1780;&#x1781;&#x17D2;&#x179F;&#x17C2;&#x179A;&#x1798;&#x1780;&#x1785;&#x1784;&#x1787;&#x17BE;&#x1784;&#x179C;&#x17B6;&#x1787;&#x17B6;&#x1794;&#x17CB;&#x1793;&#x17BA;&#x1784;&#x1787;&#x17BE;&#x1784;&#x1780;&#x178E;&#x17D2;&#x178F;&#x17BB;&#x179A;&#x17D4;&#x200B; &#x1796;&#x17BD;&#x1780;&#x179C;&#x17B6;&#x1794;&#x17B6;&#x1793;&#x1791;&#x17C5;&#x178A;&#x179B;&#x17CB;&#x1798;&#x17B6;&#x178F;&#x17CB;&#x178F;&#x17D2;&#x179A;&#x1796;&#x17B6;&#x17C6;&#x1784;&#x1798;&#x17BD;&#x1799;&#x17A0;&#x17BE;&#x1799;&#x1780;&#x1784;&#x17D2;&#x1780;&#x17C2;&#x1794;&#x1780;&#x17CF;&#x179B;&#x17C4;&#x178F;&#x1785;&#x17BC;&#x179B;&#x1780;&#x17D2;&#x1793;&#x17BB;&#x1784;&#x1791;&#x17B8;&#x1780; &#x17A0;&#x17BE;&#x1799;&#x1780;&#x178E;&#x17D2;&#x178F;&#x17BB;&#x179A;&#x1780;&#x17CF;&#x179B;&#x1784;&#x17CB;&#x1791;&#x17BA;&#x1780;&#x179F;&#x17D2;&#x179B;&#x17B6;&#x1794;&#x17CB;&#x1794;&#x17B6;&#x178F;&#x17CB;&#x1791;&#x17C5;&#x17D4;&#x200B;&#x200B; &#x1780;&#x17D2;&#x179A;&#x17C4;&#x1799;&#x1798;&#x1780;&#x1780;&#x17CF;&#x1798;&#x17B6;&#x1793;&#x179F;&#x178F;&#x17D2;&#x179C;&#x179F;&#x17D2;&#x1791;&#x17B6;&#x17C6;&#x1784;&#x1794;&#x17B6;&#x1793;&#x179F;&#x17D2;&#x179A;&#x1784;&#x17CB;&#x1780;&#x178E;&#x17D2;&#x178F;&#x17BB;&#x179A;&#x1793;&#x17B7;&#x1784;&#x1780;&#x1784;&#x17D2;&#x1780;&#x17C2;&#x1794;&#x1785;&#x17C1;&#x1789;&#x1796;&#x17B8;&#x1791;&#x17BA;&#x1780; &#x1792;&#x17D2;&#x179C;&#x17BE;&#x17A2;&#x17C4;&#x1799;&#x179F;&#x178F;&#x17D2;&#x179C;&#x179F;&#x17D2;&#x1791;&#x17B6;&#x17C6;&#x1784;&#x1794;&#x17B6;&#x1793;&#x1785;&#x17C6;&#x178E;&#x17B8;&#x1796;&#x17B8;&#x179A;&#x1780;&#x17D2;&#x1793;&#x17BB;&#x1784;&#x1796;&#x17C1;&#x179B;&#x178F;&#x17C2;&#x1798;&#x17BD;&#x1799;&#x200B;&#x17D4;&#x200B;</subfield>
  </datafield>
  <datafield tag="520" ind1=" " ind2=" ">
    <subfield code="a">Frog and mouse are friends. One day, a frog tied a rope around its legs with a mouse's leg. They reached the mouth of a pond, and the frog jumped into the pond and the rat drowned. Later, hawks pulled mouse and frog out of the water, giving the hawk two feeds at a time.</subfield>
  </datafield>
  <datafield tag="521" ind1="8" ind2=" ">
    <subfield code="a">430 
</subfield>
    <subfield code="b">Lexile estimate 
</subfield>
  </datafield>
  <datafield tag="521" ind1="8" ind2=" ">
    <subfield code="a">H 
</subfield>
    <subfield code="b">Raz-Plus 
</subfield>
  </datafield>
  <datafield tag="650" ind1=" " ind2=" ">
    <subfield code="a">&#x1780;&#x1784;&#x17D2;&#x1780;&#x17C2;&#x1794;</subfield>
    <subfield code="v">&#x179A;&#x17BF;&#x1784;&#x1793;&#x17B7;&#x1791;&#x17B6;&#x1793;&#x1780;&#x17BB;&#x1798;&#x17B6;&#x179A;&#x200B;</subfield>
  </datafield>
  <datafield tag="650" ind1=" " ind2=" ">
    <subfield code="a">frog</subfield>
    <subfield code="v">children's stories </subfield>
  </datafield>
  <datafield tag="942" ind1=" " ind2=" ">
    <subfield code="2">ddc</subfield>
    <subfield code="c">KHB</subfield>
    <subfield code="n">0</subfield>
  </datafield>
  <datafield tag="999" ind1=" " ind2=" ">
    <subfield code="c">4616</subfield>
    <subfield code="d">4616</subfield>
  </datafield>
  <datafield tag="952" ind1=" " ind2=" ">
    <subfield code="0">0</subfield>
    <subfield code="1">0</subfield>
    <subfield code="2">ddc</subfield>
    <subfield code="4">0</subfield>
    <subfield code="7">0</subfield>
    <subfield code="8">Khmer-English Bilingual </subfield>
    <subfield code="a">002</subfield>
    <subfield code="b">002</subfield>
    <subfield code="c">TTP Khmer</subfield>
    <subfield code="d">2024-09-18</subfield>
    <subfield code="l">0</subfield>
    <subfield code="o">ANO PZ7 800 </subfield>
    <subfield code="p">FIS02493</subfield>
    <subfield code="r">2024-09-18 10:39:35</subfield>
    <subfield code="t">1</subfield>
    <subfield code="w">2024-09-18</subfield>
    <subfield code="y">KHB</subfield>
  </datafield>
  <datafield tag="952" ind1=" " ind2=" ">
    <subfield code="0">0</subfield>
    <subfield code="1">0</subfield>
    <subfield code="2">ddc</subfield>
    <subfield code="4">0</subfield>
    <subfield code="7">0</subfield>
    <subfield code="8">Khmer-English Bilingual </subfield>
    <subfield code="a">002</subfield>
    <subfield code="b">002</subfield>
    <subfield code="c">TTP Khmer</subfield>
    <subfield code="d">2024-09-18</subfield>
    <subfield code="l">0</subfield>
    <subfield code="o">ANO PZ7 800 </subfield>
    <subfield code="p">FIS01313</subfield>
    <subfield code="r">2024-09-25 15:13:59</subfield>
    <subfield code="t">2</subfield>
    <subfield code="w">2024-09-18</subfield>
    <subfield code="y">KHB</subfield>
  </datafield>
  <datafield tag="952" ind1=" " ind2=" ">
    <subfield code="0">0</subfield>
    <subfield code="1">0</subfield>
    <subfield code="2">ddc</subfield>
    <subfield code="4">0</subfield>
    <subfield code="7">0</subfield>
    <subfield code="8">Khmer-English Bilingual </subfield>
    <subfield code="a">002</subfield>
    <subfield code="b">002</subfield>
    <subfield code="c">TTP Khmer</subfield>
    <subfield code="d">2025-10-03</subfield>
    <subfield code="l">0</subfield>
    <subfield code="o">ANO PZ7 800 </subfield>
    <subfield code="p">FIS02278</subfield>
    <subfield code="r">2025-10-03 15:52:02</subfield>
    <subfield code="t">3</subfield>
    <subfield code="w">2025-10-03</subfield>
    <subfield code="y">KHB</subfield>
  </datafield>
  <datafield tag="952" ind1=" " ind2=" ">
    <subfield code="0">0</subfield>
    <subfield code="1">0</subfield>
    <subfield code="2">ddc</subfield>
    <subfield code="4">0</subfield>
    <subfield code="7">0</subfield>
    <subfield code="8">Khmer-English Bilingual </subfield>
    <subfield code="a">002</subfield>
    <subfield code="b">002</subfield>
    <subfield code="c">TTP Khmer</subfield>
    <subfield code="d">2025-10-23</subfield>
    <subfield code="l">0</subfield>
    <subfield code="o">ANO PZ7 800 </subfield>
    <subfield code="p">FIS02523</subfield>
    <subfield code="r">2025-10-23 14:37:40</subfield>
    <subfield code="t">4</subfield>
    <subfield code="w">2025-10-23</subfield>
    <subfield code="y">KHB</subfield>
  </datafield>
  <datafield tag="952" ind1=" " ind2=" ">
    <subfield code="0">0</subfield>
    <subfield code="1">0</subfield>
    <subfield code="2">ddc</subfield>
    <subfield code="4">0</subfield>
    <subfield code="7">0</subfield>
    <subfield code="8">Khmer-English Bilingual </subfield>
    <subfield code="a">002</subfield>
    <subfield code="b">002</subfield>
    <subfield code="c">TTP Khmer</subfield>
    <subfield code="d">2025-12-11</subfield>
    <subfield code="l">0</subfield>
    <subfield code="o">ANO PZ7 800 </subfield>
    <subfield code="p">FIS02100</subfield>
    <subfield code="r">2025-12-11 10:25:12</subfield>
    <subfield code="t">5</subfield>
    <subfield code="w">2025-12-11</subfield>
    <subfield code="y">KHB</subfield>
  </datafield>
</record>
